000
00202nam a2200097Ia 4500
100
_a
Sudaha Murthy
250
_a
2007 Ed.
942
_c
BK
245
_a
Mahashweta
260
_a
Penguin books ltd.New Delhi
999
_c
424168
_d
424168